Discrete Mathematics and Its Applications /

Gespeichert in:
Bibliographische Detailangaben
1. Verfasser: Rosen, Kenneth H (Verfasst von)
Format: Buch
Sprache:Englisch
Veröffentlicht: Boston : McGraw-Hill Higher Education, 2019
Ausgabe:6th Ed.
Schlagworte:
Tags: Tag hinzufügen
Keine Tags, Fügen Sie das erste Tag hinzu!

MARC

LEADER 00000nam a22000003a 4500
001 0087952
005 20210421101128.4
008 150120s2003----xxu-----------------eng-d
020 |a 978-1-260-09199-1 
040 |a STU  |b slo 
041 0 |a eng 
044 |a xxu 
100 1 |a Rosen, Kenneth H  |4 aut 
245 1 |a Discrete Mathematics and Its Applications /  |c aut. Kenneth H Rosen 
250 |a 6th Ed. 
260 |a Boston :  |b McGraw-Hill Higher Education,  |c 2019 
300 |a 942 s.+príl. 
650 0 7 |a diskrétna matematika 
996 |b 284M088736  |c M* 14469-1  |l MMST  |s A  |a 24  |w 0087952_0001